000 00727nam a2200229Ia 4500
003 OSt
005 20230906112818.0
008 210716s2007 xx 000 0 und d
020 _a9788181287120
040 _cAIMIT LIBRARY
041 _aeng
082 _a005.13
_21st ed.
_bCOOP
100 _aCooper, Peter.
_9132771
245 _aBeginning ruby :
_bfrom novice to professional /
_cBy Peter Cooper.
250 _a1st ed.
260 _aNew Delhi :
_bApress ,
_c2007.
300 _axxx,631p. ;
_bPB
_c24cm.
650 _aFoundations and scaffolding
_9132772
650 _aDeveloping a basic ruby application
_9132773
650 _aDeploying ruby applications and libraries
_9132774
942 _2ddc
_cBK
_e1st ed.
_k005.13 COOP
999 _c188342
_d188342